Normal view
MARC view
- Huxley, Thomas H
Entry Personal Name
001 - CONTROL NUMBER
- control field: 49885
003 - CONTROL NUMBER IDENTIFIER
- control field: NUST
005 - DATE AND TIME OF LATEST TRANSACTION
- control field: 20210314134451.0
008 - FIXED-LENGTH DATA ELEMENTS
- fixed length control field: 210314|| aca||aabn | a|a d
040 ## - CATALOGING SOURCE
- Original cataloging agency: NUST
- Transcribing agency: NUST
100 ## - HEADING--PERSONAL NAME
- Personal name: Huxley, Thomas H
670 ## - SOURCE DATA FOUND
- Source citation: Work cat.: (NUST): Huxley, Thomas H., Collected Essays of T. H. Huxley., 1893
